Lectura : diagnostico, enseñanza y recuperación /
Guardado en:
| Autor Principal: | |
|---|---|
| Formato: | Libro |
| Publicado: |
Buenos Aires :
Kapelusz,
1977
|
| Materias: | |
| Etiquetas: |
Agregar Etiqueta
Sin Etiquetas, Sea el primero en etiquetar este registro!
|
| LEADER | 00667nam a22002175a 4500 | ||
|---|---|---|---|
| 001 | CEM.cems006140 | ||
| 005 | 20060214000000.0 | ||
| 008 | 130507s1977##################000#0#####d | ||
| 003 | CEMS | ||
| 082 | 0 | 4 | |a 372.6 |
| 100 | 1 | |a Sánchez, Benjamin | |
| 245 | 1 | 0 | |a Lectura : |b diagnostico, enseñanza y recuperación / |
| 260 | |a Buenos Aires : |b Kapelusz, |c 1977 | ||
| 300 | |a 111 p. | ||
| 653 | |a Biblioteca escolar | ||
| 653 | |a Educacion | ||
| 653 | |a Educacion primaria | ||
| 653 | |a Lectura silenciosa | ||
| 653 | |a Lectura-enseñanza | ||
| 859 | |a CEMS |b BIB. CEMS - 11 de abril |h 372.6 |i Sa55-1 |p 6740.79 |t Ej.1 | ||
| 859 | |a CEMS |b BIB. CEMS - 11 de abril |h 372.6 |i Sa55-1 |p 6772.79 |t Ej.2 | ||
